The 11 U.S. Federal Holidays - Statistics

General Stats
  • This quiz has been taken 158 times
    125 since last reset
  • The average score is 8 of 11
Answer Stats
Date Holiday % Correct
July 4th Independence Day
93%
December 25th Christmas Day
91%
The fourth Thursday of November. Thanksgiving Day
83%
January 1 New Year’s Day
82%
The last Monday of May Memorial Day
74%
The third Monday of January Birthday of Martin Luther King, Jr.
72%
The first Monday in September Labor Day
70%
November 11 Veterans Day
68%
June 19 Juneteenth
55%
The second Monday in October Columbus Day
41%
The third Monday of February Washington’s Birthday
30%
No matching quizzes found
Score Distribution
Percent of People with Each Score
Percentile by Number Answered
Your Score History
You have not taken this quiz since the last reset